<?xml version="1.0" encoding="UTF-8"?>
<record
    xmlns:xsi="http://www.w3.org/2001/XMLSchema-instance"
    xsi:schemaLocation="http://www.loc.gov/MARC21/slim http://www.loc.gov/standards/marcxml/schema/MARC21slim.xsd"
    xmlns="http://www.loc.gov/MARC21/slim">

  <leader>01979nam a2200289Ia 4500</leader>
  <controlfield tag="001">H4142</controlfield>
  <controlfield tag="003">IT-RoPAU</controlfield>
  <controlfield tag="008">130308s9999    xx            000 0 und d</controlfield>
  <datafield tag="040" ind1=" " ind2=" ">
    <subfield code="a">IT-RoPAU</subfield>
  </datafield>
  <datafield tag="040" ind1=" " ind2=" ">
    <subfield code="c">IT-RoPAU</subfield>
  </datafield>
  <datafield tag="041" ind1=" " ind2=" ">
    <subfield code="a">ITALIANO</subfield>
  </datafield>
  <datafield tag="100" ind1=" " ind2=" ">
    <subfield code="a">Basta Chiara</subfield>
  </datafield>
  <datafield tag="100" ind1=" " ind2=" ">
    <subfield code="g">Codice Aut. SPICS: 57543</subfield>
  </datafield>
  <datafield tag="245" ind1=" " ind2=" ">
    <subfield code="a">Botticelli</subfield>
  </datafield>
  <datafield tag="245" ind1=" " ind2=" ">
    <subfield code="b">Botticelli</subfield>
  </datafield>
  <datafield tag="250" ind1=" " ind2=" ">
    <subfield code="a">1a ed.</subfield>
  </datafield>
  <datafield tag="260" ind1=" " ind2=" ">
    <subfield code="a">MILANO</subfield>
  </datafield>
  <datafield tag="260" ind1=" " ind2=" ">
    <subfield code="b">Corriere Della Sera</subfield>
  </datafield>
  <datafield tag="260" ind1=" " ind2=" ">
    <subfield code="c">2003 [1&#xB0; Ed.:2003 - Ed.Ling.Originale:2003]</subfield>
  </datafield>
  <datafield tag="300" ind1=" " ind2=" ">
    <subfield code="a">"192 p. (prefazione: no ; testo: 192 [pagine: 0-0])"</subfield>
  </datafield>
  <datafield tag="500" ind1=" " ind2=" ">
    <subfield code="a">"Presentazione di Carlo Bo: Vita Oltre gli Occhi. La Vita, L'Arte e I capolavori a cura di Chiara Basta. tra I capolavori Inseriti in Questo Volume Citiamo: Madonna col bambino e Angelo, Madonna col Bambino, Madonna della Loggia, Madonna col bambino e Due Angeli, Madonna del Roseto, la Fortezza, Storie di Giuditta, ritratto di Giovane, Madonna dell'Eucarestia, ritratto di Esmeralda Brandini, ritratto di Uomo con Medaglia di Cosimo Il Vecchio, Adorazione dei Magi, Nativit&#xE0; con S. Giovannino, ritratto di Giuliano De' Medici, S. Agostino Nello Studio, Madonna del Libro, Annunciazione. Madonna del Magnificat, prove di Cristo, prove di Mose', Punizione dei Ribelli, Allegoria della Primavera, Pallade che Doma Il Centauro, Nastagio degli Onesti, Venere e Marte, Nascita di Venere, Madonna della Melagrana, Incoronazione della Vergine, Annunciazione di Cestello, Annunciazione, Compianto su Cristomorto, Madonna del Padiglione, la Calunnia, Orazione nell'Orto, Adorazionedei Magi, Storie di Lucrezia, Storie di Virginia, Storie di San Zanobi, Nativit&#xE0; Mistica, Nascita di Venere, Pala di San Marco. Apparati: tavola Cronologica di Vita, Opere e Avvenimenti storici del Tempo; collocazione Geografica delle Opere; breve Antologia Critica; consigli Bibliografici."</subfield>
  </datafield>
  <datafield tag="650" ind1=" " ind2=" ">
    <subfield code="a">AUTORI/OPERE DI PITTURA</subfield>
  </datafield>
  <datafield tag="650" ind1=" " ind2=" ">
    <subfield code="e">Codice materia Spics: 5207</subfield>
  </datafield>
  <datafield tag="942" ind1=" " ind2=" ">
    <subfield code="c">BK</subfield>
  </datafield>
  <datafield tag="957" ind1=" " ind2=" ">
    <subfield code="7">1</subfield>
  </datafield>
  <datafield tag="999" ind1=" " ind2=" ">
    <subfield code="c">91153</subfield>
    <subfield code="d">91153</subfield>
  </datafield>
  <datafield tag="999" ind1=" " ind2=" ">
    <subfield code="g">1</subfield>
  </datafield>
  <datafield tag="952" ind1=" " ind2=" ">
    <subfield code="0">0</subfield>
    <subfield code="1">0</subfield>
    <subfield code="4">0</subfield>
    <subfield code="6">H_000000000000000_4142</subfield>
    <subfield code="7">1</subfield>
    <subfield code="a">SPICS</subfield>
    <subfield code="b">SPICS</subfield>
    <subfield code="d">2013-03-08</subfield>
    <subfield code="l">0</subfield>
    <subfield code="o">H4142</subfield>
    <subfield code="r">2013-03-08 00:00:00</subfield>
    <subfield code="w">2013-03-08</subfield>
    <subfield code="y">BK</subfield>
    <subfield code="z">Progressivo inserimento:  23962 /  N. Volumi: 1 Copie: 1  / data import: 1 marzo 2013 - By Epidotti, Trombetti, Vaglietti. </subfield>
  </datafield>
</record>
